000
00300nam a2200133Ia 4500
005
20260328104311.0
008
260328s9999||||xx |||||||||||||| ||und||
100
_a
Cary, John
245
0
_a
Design for good /
_c
John Cary
260
_b
Island
300
_a
275 p.
650
_a
ESCUELAS
942
_c
BK
999
_c
10957
_d
10957